40 preguntas sobre competencia laboral

Guardat en:
Dades bibliogràfiques
Autor principal: Vargas Zúñiga, Fernando (Autor)
Format: Llibre
Idioma:espanyol
Publicat: Montevideo CINTERFOR 2004
Edició:1a. ed
Col·lecció:Papeles de la Oficina Técnica, 13
Matèries:
Etiquetes: Afegir etiqueta
Sense etiquetes, Sigues el primer a etiquetar aquest registre!

MARC

LEADER 00000cam a2200000 a 4500
001 UCF8474
003 CL-VaPUC
008 130829e20040000uy |||||||||||||||||spa|d
020 |a 9290881739 
082 0 4 |a 658.3124  |b VAR  |2 21 
100 0 |a Vargas Zúñiga, Fernando  |e author  |9 570557 
245 1 0 |a 40 preguntas sobre competencia laboral 
250 |a 1a. ed 
300 |a 135 p 
942 |c BK 
945 |d 20130829 16:45:00  |a dcastane 
260 |a Montevideo  |b CINTERFOR  |c 2004 
650 7 |a COMPETENCIAS LABORALES  |2 CL-VaPUC  |9 525317 
650 7 |a CAPACITACION PARA EL EMPLEO  |2 CL-VaPUC  |9 339343 
650 7 |a METODOS DE CAPACITACION  |2 CL-VaPUC  |9 339159 
583 |a last modification  |c 20130829 16:45:00  |k Rodrigo Vera 
490 0 |a Papeles de la Oficina Técnica, 13 
999 |c 353045  |d 353043